<?xml version="1.0" encoding="UTF-8"?>
<record
    xmlns:xsi="http://www.w3.org/2001/XMLSchema-instance"
    xsi:schemaLocation="http://www.loc.gov/MARC21/slim http://www.loc.gov/standards/marcxml/schema/MARC21slim.xsd"
    xmlns="http://www.loc.gov/MARC21/slim">

  <leader>02077nas a2200277Ia 4500</leader>
  <controlfield tag="001">R050-R9827</controlfield>
  <controlfield tag="003">IT-CnALBA</controlfield>
  <controlfield tag="008">170116c99999999xx ||||||||||||   ||und||</controlfield>
  <datafield tag="040" ind1=" " ind2=" ">
    <subfield code="a">IT-CnALBA</subfield>
    <subfield code="c">IT-CnALBA</subfield>
  </datafield>
  <datafield tag="041" ind1=" " ind2=" ">
    <subfield code="a">ITALIANO</subfield>
  </datafield>
  <datafield tag="100" ind1=" " ind2=" ">
    <subfield code="a">ALVAREZ P. GIUSEPPE, CMF.</subfield>
  </datafield>
  <datafield tag="210" ind1=" " ind2=" ">
    <subfield code="a">RIVISTA DI FILOSOFIA NEO SCOLASTICA</subfield>
  </datafield>
  <datafield tag="222" ind1=" " ind2=" ">
    <subfield code="a">RIVISTA DI FILOSOFIA NEO SCOLASTICA</subfield>
  </datafield>
  <datafield tag="245" ind1=" " ind2="0">
    <subfield code="a">RIVISTA DI FILOSOFIA NEO-SCOLASTICA. GENNAIO DICEMBRE 1950. A CURA DELL'UNIVERSIT&#xC0; DEL S. CUORE. </subfield>
  </datafield>
  <datafield tag="250" ind1=" " ind2=" ">
    <subfield code="a">1a ed.</subfield>
  </datafield>
  <datafield tag="260" ind1=" " ind2=" ">
    <subfield code="a">MILANO</subfield>
    <subfield code="b">VITA E PENSIERO. SOCIET&#xC0; EDITRICE</subfield>
    <subfield code="c">1950 [1&#xB0; Ed.:1950 - Ed.Ling.Originale: 1950]</subfield>
  </datafield>
  <datafield tag="300" ind1=" " ind2=" ">
    <subfield code="a">498 p. </subfield>
  </datafield>
  <datafield tag="310" ind1=" " ind2=" ">
    <subfield code="a">BIMESTRALE</subfield>
  </datafield>
  <datafield tag="362" ind1=" " ind2=" ">
    <subfield code="a">Fascicolo: 1-6 / Anno: 42 (1950)</subfield>
  </datafield>
  <datafield tag="500" ind1=" " ind2=" ">
    <subfield code="a">FILOSOFIA DELLA MATEMATICA IN S. TOMMASO. APPUNTI PER UN PERSONALISMO METAFISICO. CALVETTI C. FERRO C. GALLI E. GIORGI G. MELZI G. PER UNA INTERPRETAZIONE ESTETICA KANTIANA. HEGEL CRITICO DI KANT. LA STRUTTURA DELL'ESSERE. I VIRUS E ALCUNI ASPETTI DEL PROBLEMA DELLA VITA. A LIMITE TRA MATERIA INANIMATA E CELLULA VIVENTE. TERZO CENTENARIO MORTE DI CARTESIO. NOTE SULL'ARISTOTILE LATINO MEDIOEVALE. L'IMMORTALIT&#xC0; DELL'ANIMA IN HENRI BERGSON. DALLO SPAZIO FISICO ALLA MATERIA. IL CONCETTO DI EFFORT IN MAINE DE BIRAN. ARTICOLI NOTE. DISCUSSIONI. ANALISI D'OPERE, NOTIZIARIO. </subfield>
  </datafield>
  <datafield tag="501" ind1=" " ind2=" ">
    <subfield code="a">Societ&#xE0; San Paolo EM - Piazza San Paolo, 14 - 12051 ALBA (CN)  (non commercial uses only) &#xAE; Copyright 2017</subfield>
  </datafield>
  <datafield tag="520" ind1=" " ind2=" ">
    <subfield code="a">FILOSOFIA DELLA MATEMATICA IN S. TOMMASO. APPUNTI PER UN PERSONALISMO METAFISICO. CALVETTI C. FERRO C. GALLI E. GIORGI G. MELZI G. PER UNA INTERPRETAZIONE ESTETICA KANTIANA. HEGEL CRITICO DI KANT. LA STRUTTURA DELL'ESSERE. I VIRUS E ALCUNI ASPETTI DEL PROBLEMA DELLA VITA. A LIMITE TRA MATERIA INANIMATA E CELLULA VIVENTE. TERZO CENTENARIO MORTE DI CARTESIO. NOTE SULL'ARISTOTILE LATINO MEDIOEVALE. L'IMMORTALIT&#xC0; DELL'ANIMA IN HENRI BERGSON. DALLO SPAZIO FISICO ALLA MATERIA. IL CONCETTO DI EFFORT IN MAINE DE BIRAN. ARTICOLI NOTE. DISCUSSIONI. ANALISI D'OPERE, NOTIZIARIO. </subfield>
  </datafield>
  <datafield tag="650" ind1=" " ind2=" ">
    <subfield code="a">FILOSOFIA</subfield>
  </datafield>
  <datafield tag="942" ind1=" " ind2=" ">
    <subfield code="c">CR</subfield>
  </datafield>
  <datafield tag="957" ind1=" " ind2=" ">
    <subfield code="7">1</subfield>
  </datafield>
  <datafield tag="999" ind1=" " ind2=" ">
    <subfield code="a">61394</subfield>
    <subfield code="b">NO</subfield>
    <subfield code="g">1</subfield>
    <subfield code="c">328420</subfield>
    <subfield code="d">328420</subfield>
  </datafield>
  <datafield tag="952" ind1=" " ind2=" ">
    <subfield code="0">0</subfield>
    <subfield code="1">0</subfield>
    <subfield code="4">0</subfield>
    <subfield code="6">R_050R9827</subfield>
    <subfield code="7">1</subfield>
    <subfield code="a">ALBA</subfield>
    <subfield code="b">ALBA</subfield>
    <subfield code="d">2017-01-16</subfield>
    <subfield code="l">0</subfield>
    <subfield code="o">R050-R9827</subfield>
    <subfield code="r">2017-01-16 00:00:00</subfield>
    <subfield code="w">2017-01-16</subfield>
    <subfield code="y">CR</subfield>
    <subfield code="z">(data import: 16 gennaio 2017) - By Epidotti, Vaglietti. </subfield>
  </datafield>
</record>
